000
00370nam a2200133Ia 4500
008
100328s9999 xx 000 0 und d
082
_b
35558
100
_a
अदवंत म. ना.
245
_a
पैंजण
260
_b
साहित्य प्रसार केंद्र
630
_a
पैंजण
730
_a
पैंजण
942
_c
BOOK
999
_c
525435
_d
525432